Algunos juegos infantiles criollos e indigenas del norte argentino /

Guardado en:
Autor Principal: Millan De Palavecino, Maria Delia
Formato: Libro
Publicado: Corrientes : Universidad Nacional Del Nordeste, 1968
Series:Etnobiologica, Nº 9
Materias:
Etiquetas: Agregar Etiqueta
Sin Etiquetas, Sea el primero en etiquetar este registro!
LEADER 00594nam a22001695a 4500
001 EHU.bham005124
003 AR-BHAM
005 20081015152530.0
008 130507s1968##################000#0#####d
082 5 7 |a 572.7 
100 1 |a Millan De Palavecino, Maria Delia 
245 1 0 |a Algunos juegos infantiles criollos e indigenas del norte argentino /  |c Maria Delia Millan De Palavecino. 
260 |a Corrientes :  |b Universidad Nacional Del Nordeste,  |c 1968 
300 |a 14 p. 
490 0 |a Etnobiologica, Nº 9 
653 |a Antropologia cultural 
859 |a AR-BHAM  |b BIB. HUMANIDADES - General  |h 572.7  |i M611  |p 297.81  |t Ej.1